000 00694nam a2200229 i 4500
003 DO-SdBNP
005 20230927100055.0
007 ta
008 110413s1984 dr 000 0 spa d
040 _aDO-SdBNP
_bspa
_cBNPHU
_erda
082 _bM433h
_222
100 _aMatos Gonzáles, Ramiro
_d1927-
_934467
245 1 0 _aHistoria militar dominicana :
_bcronologíca /
_cRamiro Matos Gonzalez, José Soto J.
264 1 _aSanto Domingo :
_bEdita Libros,
_c1984.
300 _av. páginas
_c22 cm.
336 _2rdacontent
_atexto
_btxt
337 _2rdamedia
_asin mediación
_bn
338 _2rdacarrier
_avolumen
_bnc
590 _aInventariado, 2023/ DG
910 _aDG
942 _2ddc
_cLBS1
999 _c54959
_d54959